Szczegóły MARC21

Maciejewo = Matzdorf /

003 -Nazwa inst., której nr kontr. jest w polu 001 [,]
    • @
    • Nazwa instytucji, której n kontrolny jest w polu 001
    • NUKAT
005 -DATA I CZAS OSTATNIEJ MODYFIKACJI [,]
    • @
    • pole kontrolne
    • 20241231115719.0
020 -Międzynarod. znormalizowany nr książki - ISBN [ , ]
    • a
    • Numer ISBN
    • 9788393571857 Find
040 -Instytucja sporządzająca opis [ , ]
    • a
    • Instytucja, która sporządziła opis (NP)
    • SZCZ M/HS
    • c
    • Instytucja, która sporządziła rekord (NP)
    • SZCZ M/HS
    • d
    • Instytucja, która zmodyfikowała rekord (P)
    • POZN U/KGs
041 -Język dokumentu [1, ]
    • a
    • Język tekstu (P)
    • polski
    • a
    • Język tekstu (P)
    • niemiecki
    • h
    • Język tekstu oryginalnego i/lub pośredniego (P)
    • polski
942 -Rodzaj dokumentu [ , ]
    • c
    • Rodzaj dokumentu
    • Książka
100 -Hasło główne - nazwa osobowa [1, ]
    • a
    • Nazwa osobowa (NP)
    • Walkiewicz, Radosław
    • d
    • Daty biograficzne (NP)
    • (1977- ).
    • 9
    • KHW
    • 89634
245 -Strefa tytułu i oznaczenia odpowiedzialności [1,0]
    • a
    • Tytuł
    • Maciejewo = Find
    • b
    • Ciąg dalszy tytułu (NP)
    • Matzdorf / Find
    • c
    • Pozostałe elementy strefy tytułu i oznaczenia odpowiedzialności (NP)
    • [Radosław Walkiewicz ; tł. Agnieszka Lindenhayn-Fiedorowicz].
246 -Wariant tytułu [3,1]
    • a
    • Tytuł (NP)
    • Matzdorf
260 -Strefa adresu wydawniczego [ , ]
    • a
    • Miejsce wydania (P)
    • Kulice [etc.] :
    • b
    • Nazwa wydawcy (P)
    • Fundacja Akademia Europejska Kulice-Kültz,
    • c
    • Data wydania (P)
    • cop. 2013.
300 -Strefa opisu fizycznego [ , ]
    • a
    • Określenie formy książki i/lub objętość (NP)
    • 28, XII s. :
    • b
    • Oznaczenie ilustracji (NP)
    • il. ;
    • c
    • Format (NP)
    • 22x25 cm.
336 -Typ zawartości [ , ]
    • a
    • Termin opisujący typ zawartości
    • Tekst
    • b
    • Kod określający zawartość
    • txt
    • 2
    • Źródło (terminu i kodu)
    • rdacontent
337 -Typ mediów [ , ]
    • a
    • Tryb odtwarzania
    • Bez urządzenia pośredniczącego
    • b
    • Kod typu mediów
    • n
    • 2
    • Źródło (terminu i kodu)
    • rdamedia
338 -Typ/rodzaj nośnika [ , ]
    • a
    • Hasło opisujące typ nośnika
    • Wolumin
    • b
    • Kod typu nośnika
    • nc
    • 2
    • Źródło (terminu i kodu)
    • rdacarrier
490 -Strefa serii i książki wielotomowej - forma nie do wyszukiwania [1, ]
    • a
    • Tytuł (P)
    • Zamki i Ogrody w Województwie Zachodniopomorskim = Schlösser und Gärten in der Wojewodschaft Westpommern ; Find
    • v
    • Numeracja (P)
    • nr 6
830 -Hasło dodatkowe serii i opisu książki wielotomowej - tytuł ujednolicony/tytuł [ ,0]
    • a
    • Tytuł ujednolicony/tytuł (NP)
    • Zamki i Ogrody w Województwie Zachodniopomorskim
    • v
    • Oznaczenie tomu (NP)
    • nr 6
    • 9
    • KHW
    • 89625
500 -Uwaga ogólna [ , ]
    • a
    • Uwaga ogólna (NP)
    • Opis wg okł.
500 -Uwaga ogólna [ , ]
    • a
    • Uwaga ogólna (NP)
    • Tekst na wyklejkach.
504 -Uwaga dot. bibliogr. załącznikowej [ , ]
    • a
    • Uwaga dot. bibliografii załącznikowej
    • Bibliogr. s. 27-28.
546 -Uwaga dot. języka [ , ]
    • a
    • Uwaga dot. języka
    • Tekst równol. w jęz. pol. i niem.
650 -Hasło przedmiotowe [ ,7]
    • a
    • Hasło przedmiotowe
    • Pałace
    • z
    • Określnik geograficzny
    • Polska
    • z
    • Określnik geograficzny
    • Maciejewo (powiat goleniowski).
    • 2
    • Źródło terminu
    • kaba
    • 9
    • KHW
    • 381052
651 -Hasło przedmiotowe w formie nazwy geograficznej [ ,7]
    • a
    • Nazwa geograficzna
    • Maciejewo (Polska, powiat goleniowski)
    • x
    • Określnik rzeczowy
    • historia.
    • 2
    • Źródło terminu
    • kaba
    • 9
    • KHW
    • 381053
700 -Hasło dodatkowe - nazwa osobowa [1, ]
    • a
    • Nazwa osobowa (NP)
    • Lindenhayn-Fiedorowicz, Agnieszka Find
    • d
    • Daty biograficzne (NP)
    • (1976- ).
    • e
    • Określenie rodzaju współpracy
    • Tł.
    • 9
    • KHW
    • 89624
920 -ISBN [ , ]
    • a
    • ISBN
    • 978-83-935718-5-7 Find
Numer inwentarzowy Status udost. Lokalizacja Data inwentaryzacji
Z.1188911BG2014-07-09
H.332901BNS2019-10-21